Sermón fúnebre, que en el aniversario de difuntos, que en su capítulo provincial hace la provincia de N.S.P.S. Francisco Fr. Zac. ..

Detalles Bibliográficos
Autor principal: PLAZOS, Manuel Antonio de ( Fray )
Formato: Libro
Publicado: México 1783
Materias:
Colección:Banco de datos
Acervo:Biblioteca del Ex Convento de Nuestra Señora de Guadalupe. Zacatecas
Tema general:Homilética
Notas:Buena. XI,8,10 (3731). Encuadernado en un mismo volumen con cuatro sermones más
LEADER 00885nam a22001930004500
035 |a 42805 
036 |a 3989 
100 1 |a PLAZOS, Manuel Antonio de ( Fray ) 
245 1 0 |a Sermón fúnebre, que en el aniversario de difuntos, que en su capítulo provincial hace la provincia de N.S.P.S. Francisco Fr. Zac. .. 
260 |a México  |b ed. Bernabé Cosio, imp. Nueva Madrileña de los Herederos de Joseph de Jáuregui  |c 1783 
500 |a Buena. XI,8,10 (3731). Encuadernado en un mismo volumen con cuatro sermones más 
650 1 0 |a Homilética 
949 |a CRZ-CG 
959 |a Ex convento de Nuestra Señora de Guadalupe, Museo Regional de Zacatecas, Zacatecas  |b CCC4 
960 |a Convento de Nuestra Señora de Guadalupe, Zacatecas  |b DD87 
961 |a Franciscana  |b OF 
942 |c CRZ-CG 
943 |g Biblioteca del Ex Convento de Nuestra Señora de Guadalupe. Zacatecas 
999 |c 966932  |d 966932